01748cam a2200361 i 450000100090000000300090000900500170001800800410003502000180007603500130009403500220010704000630012904300120019208200260020410000360023024501030026626400620036930000460043133600260047733700280050333800270053150000220055852004160058065000380099665000380103465300220107265500170109470000420111190600450115394200120119899900170121095201590122722167750EG-ScBUE20260316110557.0210806s2019 ua a f 001 0 eng d z9789774524339 a22167750 a(OCoLC)1138524309 aLEILAbengerdacLEILAdMEAUCdOCLCOdOCLCFdYUSdPULdDLC af-ua---04222a704.94820962bRAZ1 aEl Razzaz, Mostafa F.,eauthor.10aModern art in Egypt :bmaking the old, new /cforeword Mostafa El Feki ; author Mostafa el-Razzaz. 1a[Alexandaria] :bBibliotheca Alexandrina, Cultnat,c2019. a308 pages :bcolor illustrations ;c34 cm atextbtxt2rdacontent aunmediatedbn2rdamedia avolumebnc2rdacarrier aIncludes indexes. aIn the course of 5000 years, all cultures have to contend with the arrival of people, whether by conquest or migration, and being converted by them. Instead, the pattern in Egypt has been to absorb these foreign influences. Its artists have appreciated arriving talent, and have even become infatuated with it, taking its lessons. Eventually, they made it their own. Today's Egyptian artists are doing the same. 0aArtszEgypty21st century.2BUEsh 0aArt, Moderny21st century.2BUEsh cFebruary2026bART vReading book1 aEl Feki, Mostafa,ewriter of forword. a7bcbcccopycatd3encipf20gy-gencatlg 2ddccBB c31150d31121 00102ddc40708alxlibaMAINbMAINc2NDd2026-03-16ePurchaseg450.00h52551l0o704.94820962 RAZp000057560r2026-03-16 00:00:00v600.00w2026-03-16yBB